Teólogos discuten sobre la crisis económica de América Latina: una lucha de dioses
Shranjeno v:
| Glavni avtor: | |
|---|---|
| Format: | Knjiga |
| Jezik: | Spanish |
| Izdano: |
San José, Costa Rica
|
| Teme: | |
| Oznake: |
Označite
Brez oznak, prvi označite!
|
MARC
| LEADER | 00000nam a22000007a 4500 | ||
|---|---|---|---|
| 003 | cru CIDCACS/IIS | ||
| 005 | 20180915062530.0 | ||
| 008 | 180910b1986 cr ||||| |||| 00| 0 spa d | ||
| 999 | |c 41662 |d 41662 | ||
| 040 | |c cru CIDCACS/IIS | ||
| 090 | 4 | |a REV0750 (4)1986 | |
| 100 | 1 | |9 7661 |a Smith, Dennis | |
| 245 | 1 | |a Teólogos discuten sobre la crisis económica de América Latina: |b una lucha de dioses |c Dennis Smith | |
| 260 | |a San José, Costa Rica | ||
| 300 | |a 1-3 páginas | ||
| 650 | 1 | 0 | |a TEOLOGIA |9 4606 |
| 650 | 1 | 0 | |9 6343 |a CRISIS ECONOMICA |
| 651 | 1 | 0 | |9 17 |a AMERICA LATINA |
| 773 | 0 | |0 41641 |9 2230 |a Departamento Ecuménico de Investigaciones (DEI) |d San José, Costa Rica Departamento Ecuménico de Investigaciones (DEI) |o 20022 |t Pasos / | |
| 942 | |2 ddc |c PP | ||
